| 000 | 00332nam a2200097Ia 4500 | ||
|---|---|---|---|
| 082 | _a323.0968 BENT | ||
| 245 | 0 | _aWhose right it is anyway? : equality, culture and conflicts of rights in South Africa | |
| 100 |
_a BENTLEY, Kristina A. Cape Town, 2003 _943097 |
||
| 942 | _cBK | ||
| 008 | 210817s9999 xx 000 0 und d | ||
| 999 |
_c408037 _d408036 |
||